[Event "3rd Sunway Formentera-A TB 2024"]
[Site "Formentera"]
[Date "2024.04.19"]
[Round "1.1"]
[White "Pranav, V."]
[Black "Ivanchuk, Vasyl"]
[Result "0-1"]
[WhiteElo "2604"]
[BlackElo "2611"]
[Annotator "TA"]
[PlyCount "76"]
[EventDate "2024.04.03"]
[EventCountry "ESP"]
[SourceTitle "playchess.com"]
[Source "ChessBase"]
[SourceQuality "1"]

{[%evp 20,76,-18,-45,-6,-30,0,0,79,24,50,-62,-54,-106,-80,-103,-115,-97,-109,-203,-106,-111,-45,-308,-16,-314,-307,-354,-271,-553,-344,-604,-583,-975,-147,-582,0,-1043,-972,-1475,-618,-591,-481,-29979,-29980,-29987,-29988,-29988,-29966,-29990,-29984,-29984,-29985,-29989,-29990,-29990,-29991,-29993,-29994]} 1. e4 e5 2. Nc3 Nf6 3. Bc4 Nc6 4. d3 Na5 5. Bb3 Nxb3 6. axb3 d5 7. Bg5 {C28: Vienna Game: 2...Nf6 3 Bc4 Nc6.} Bb4 8. Bxf6 gxf6 9. Kf1 $146 ({Predecessor:} 9. exd5 Qxd5 10. Qf3 Be6 11. O-O-O Qxf3 12. Nxf3 Bxc3 13. bxc3 Bg4 14. Rde1 Bxf3 15. gxf3 {1-0 Bortnyk,O (2598)-Belyakov,B (2481) Titled Tuesday intern op 6th June blitz 2020 (4)}) 9... c6 10. Nf3 Rg8 11. Qe2 Be6 12. d4 Bxc3 (12... dxe4 {looks sharper.} 13. Qxe4 Qb6 14. dxe5 O-O-O) 13. bxc3 Qe7 (13... Qd7 $11 {remains equal.}) 14. dxe5 ({White should try} 14. exd5 $1 $16 Bxd5 15. c4 Bxf3 16. Qxf3) 14... fxe5 15. h3 (15. Nxe5 $2 Qg5 $19) (15. exd5 $1 $14 Bxd5 16. c4 Bxf3 17. Qxf3) 15... f6 $15 16. Rg1 (16. Qe3 $15) 16... a6 17. Qe3 O-O-O 18. exd5 cxd5 19. Qb6 {[#]} (19. g4 $17 {might work better.}) 19... Bf5 ({Black should play} 19... Rd6 $1 $19 {[%cal Rd6b6]} 20. Qc5+ Kb8) 20. Ra5 $17 Bxc2 (20... Qd6 $17 21. Qa7 Rg7 (21... Bxc2 22. Rc5+ Kd7 23. Qxb7+ Ke8 24. Rc6 $11)) 21. Qa7 $2 {[%mdl 8192]} (21. Ne1 $15 Bd1 22. Nd3) 21... Bd3+ $19 (21... Bxb3 22. Nd2 Bc2 (22... Qc7 $2 23. Rc5 $18) 23. Ke2 $17 (23. Rc5+ Kd7 $11)) 22. Ke1 Bb5 23. Kd2 Qc7 24. Raa1 $2 (24. Ra2) 24... Bc6 25. Ne1 $2 (25. Rac1) 25... d4 $19 26. c4 Qb8 $2 (26... e4 $19 {is more deadly.} 27. Ke2 Qd6) 27. Qb6 $2 {[%mdl 8192]} (27. Qxb8+ $17 Kxb8 28. g3) 27... Qc7 (27... e4 $142 28. Rxa6 Qf4+ (28... bxa6 29. Qxc6+ Qc7 30. Qa8+ Kd7 31. Qd5+ Ke7 32. Qxe4+ Kf8 33. Qf5 $17) 29. Ke2 d3+ (29... bxa6 30. Qxc6+ Kb8 31. Qb6+ Kc8 32. Qc6+ Kb8 33. Qb6+ Ka8 34. Qxa6+ Kb8 35. Qb6+ Ka8 36. Qa6+ Kb8 37. Qb6+ Kc8 38. Qc6+ Kb8 39. Qb6+ $11) 30. Kd1 Qe5 (30... bxa6 $2 31. Qxc6+ Qc7 32. Qa8+ Kd7 33. Qd5+ Qd6 34. Qb7+ Ke8 35. Qxh7 $19)) 28. Qa7 $1 $19 e4 29. Nc2 {[#]} e3+ (29... Qf4+ $142 $1 {[%mdl 512]} 30. Ke1 e3) 30. fxe3 $19 dxe3+ ({Weaker is} 30... Bxg2 31. exd4 Rg3 (31... Bxh3 32. Rxg8 Rxg8 33. Ne3 $11) 32. Kc1 $17) (30... Rxg2+ $2 31. Rxg2 dxe3+ (31... Bxg2 32. exd4 Be4 33. Kc3 $15) 32. Kc3 Qe5+ (32... Bxg2 33. Qxe3 Kb8 34. Rg1 $17) 33. Kb4 Bxg2 34. Qxe3 $19) 31. Kc3 (31. Kc1 $19 e2 (31... Bxg2 $2 32. Nxe3 Qe5 33. Nc2 $19) (31... Rxg2 $2 32. Rxg2 Bxg2 33. Qxe3 $19) 32. Qe3) 31... Qe5+ 32. Kb4 Rd3 (32... Rxg2 $2 33. Rxg2 Bxg2 34. Qxe3 $19) 33. Rab1 Rgd8 34. Rgc1 e2 35. Qb6 Rd1 36. Ka3 Rxc1 37. Rxc1 Rd1 38. Qf2 Rxc1 0-1

[Event "3rd Sunway Formentera-A TB 2024"]
[Site "Formentera"]
[Date "2024.04.19"]
[Round "1.1"]
[White "Balakrishnan, Praveen"]
[Black "Moussard, Jules"]
[Result "0-1"]
[WhiteElo "2500"]
[BlackElo "2610"]
[Annotator "TA"]
[PlyCount "112"]
[EventDate "2024.04.03"]
[EventCountry "ESP"]
[SourceTitle "playchess.com"]
[Source "ChessBase"]
[SourceQuality "1"]

{[%evp 15,112,-9,-11,-25,-14,-12,-10,-16,55,-6,0,-7,-7,-31,-19,-85,-67,-66,-81,-79,-83,-85,-48,-36,-56,-55,-57,-34,0,0,0,-93,-115,-309,-326,-292,-316,-314,-281,-347,-396,-394,-370,-367,-311,-689,-506,-509,-527,-502,-430,-430,-551,-613,-581,-543,-360,-342,-349,-368,-306,-554,-247,-545,-537,-674,-137,-29984,-29985,-29984,-29984,-29984,-29985,-29985,-29986,-29985,-29985,-29987,-29988,-29988,-29989,-29990,-29991,-29992,-29993,-29993,-29993,-29993,-29993,-29994,-29995,-29995,-29994,-29994,-29995,-29997,-29998,-29998,-29999]} 1. d4 Nf6 2. Nf3 e6 3. Bf4 d5 4. e3 c5 5. c3 Bd6 6. Ne5 Nc6 7. Nd2 {7.Nd2 is better than 7.Bb5.} Qc7 8. Ndf3 c4 {D02: 1 d4 d5 2 Nf3 sidelines, including 2...Nf6 3 g3 and 2...Nf6 3 Bf4.} 9. Be2 Ne4 10. O-O O-O 11. Qc2 $146 ({Predecessor:} 11. g3 Nxe5 12. Bxe5 Bxe5 13. Nxe5 f6 14. Nf3 Bd7 15. Nd2 Nd6 16. f4 Be8 17. g4 {½-½ Benci,R (1636)-Klimes,K (1706) SVK-chT4 A21 1920 2019 (2.1)}) 11... f6 ({Black should try} 11... Nxe5 $11 12. Bxe5 b5) 12. Nxc6 ({White should play} 12. Nxc4 $1 $14 Bxf4 13. exf4) 12... Qxc6 $11 13. Bxd6 Nxd6 14. Nd2 e5 15. dxe5 {[#]} (15. Rfc1 $11) 15... Bf5 $1 $17 16. Qd1 fxe5 17. Nf3 Rae8 18. b3 b5 19. a4 a6 20. axb5 axb5 21. bxc4 Nxc4 22. Qb3 Be4 23. Ra7 {[#]} (23. Ng5 $11) 23... Qg6 $1 $17 24. Kh1 $2 (24. Nh4 $17 Qg5 25. Bxc4 bxc4 (25... dxc4 26. Qxb5 Bd3 27. Nf3 $16) 26. Qb7) 24... Nd2 $1 $19 25. Qd1 Nxf1 26. Qxf1 Bxf3 27. Bxf3 e4 28. Be2 Qf6 29. Bxb5 Rc8 (29... Qxf2 30. Qxf2 Rxf2 31. Kg1 $19) 30. c4 $2 (30. Ra2) 30... Qxf2 31. Qxf2 Rxf2 32. Kg1 Rb2 33. Bd7 Rxc4 (33... Rb1+ 34. Kf2 Rf8+ (34... Rxc4 35. Be6+ Kf8 36. Bxd5 $17) 35. Kg3 $17) 34. Be6+ Kf8 35. h4 Rc3 36. Bxd5 Rxe3 37. Rf7+ Ke8 38. Rxg7 $2 (38. Rf4) 38... Re1+ $19 39. Kh2 e3 40. Bf3 e2 $2 (40... Rf1 $19 {is more deadly.} 41. Bh5+ Kf8 42. Rxh7 e2 43. Bxe2 Rxe2) 41. Rg4 $2 {[%mdl 8192]} (41. Bh5+ $17 Kf8 42. Rf7+ Kg8 43. Re7) 41... Rh1+ $1 42. Kxh1 e1=Q+ ({And not} 42... e1=R+ 43. Kh2 $11) 43. Kh2 Rb4 44. Rxb4 Qxb4 45. Kh3 Qf4 46. Bg4 Ke7 47. Bf3 Kf6 48. Bg4 Ke5 49. Be2 Kd4 50. g3 Qf5+ 51. Bg4 Qf1+ 52. Kh2 Ke3 53. Bh3 Qf2+ 54. Bg2 h5 55. Kh3 Qg1 56. g4 Kf2 0-1

[Event "3rd Sunway Formentera-A TB 2024"]
[Site "Formentera"]
[Date "2024.04.19"]
[Round "1.1"]
[White "Mohamed Anees M"]
[Black "Alsina Leal, Daniel"]
[Result "1/2-1/2"]
[WhiteElo "2253"]
[BlackElo "2497"]
[Annotator "TA"]
[PlyCount "101"]
[EventDate "2024.04.03"]
[EventCountry "ESP"]
[SourceTitle "playchess.com"]
[Source "ChessBase"]
[SourceQuality "1"]

{[%evp 16,101,56,-6,6,0,0,0,-13,0,0,-31,-20,-31,-31,-34,-45,-34,-34,-36,-48,-71,-43,-40,-46,-37,-36,-46,-43,-41,0,-54,-24,-75,-89,-87,-77,-215,-193,-411,-411,-380,-207,-209,-130,-129,-137,-164,-148,-208,-204,-196,-147,-163,-150,-156,-167,-274,-38,-263,-258,-269,-243,-310,0,0,0,-22,0,0,0,0,0,0,0,0,0,0,0,0,0,0,0,0,0,0,0,0]} 1. e4 c5 2. Nf3 Nc6 3. d4 cxd4 4. Nxd4 Nf6 5. Nc3 e5 6. Ndb5 d6 7. Bg5 a6 8. Na3 b5 9. Nab1 (9. Bxf6 $14 gxf6 10. Nd5) 9... Ne7 10. Bxf6 gxf6 11. a4 b4 12. Nd5 Nxd5 13. exd5 f5 14. Nd2 Bg7 15. Be2 O-O 16. O-O e4 17. Nc4 a5 18. Qd2 Ba6 19. Rab1 $1 Bxc4 20. Bxc4 Kh8 21. Kh1 Qh4 $36 {[%mdl 2048] Black has good play.} 22. g3 {White is weak on the dark squares} Qh6 23. Qe2 (23. Qxh6 $11 Bxh6 24. f3) 23... Rae8 24. f4 (24. Qe3 $11) 24... Bd4 $17 25. Bb5 Rd8 26. Qc4 (26. c3 $17 {was necessary.} bxc3 27. bxc3 Bxc3 28. Rfc1) 26... Bc5 $19 27. Kg2 $2 (27. c3 {is a better defense.}) 27... Rg8 {Threatens to win with ...Rg6.} 28. c3 Qf6 (28... Rg6 $142 29. cxb4 axb4 (29... Bxb4 30. Rbc1 $17)) 29. cxb4 Bxb4 30. Qe2 Rg4 $1 31. Rbc1 Rdg8 $1 32. Qf2 {[#]} (32. Qe3 $17) 32... h5 $1 {White must now prevent ...h4.} 33. Be2 {[#]} R4g7 (33... R4g6 $1 $19 {aiming for ...h4.} 34. Bxh5 Rh6) 34. Bxh5 $17 Rh7 35. Be2 Qh4 {[%csl Gh7][%cal Rh4h2]} (35... Qxb2 36. Bb5 Qf6 37. Bd7 $11) 36. Rh1 (36. Kg1 $142) 36... Qh3+ 37. Kg1 Bc5 38. Rxc5 dxc5 39. d6 {[%cal Od6d7]} Rd8 (39... Rh6 $19 40. Bf1 Qh5) 40. Qxc5 $11 {The position is equal.} Qh6 41. Qe5+ Rg7 42. d7 Qe6 (42... Rxd7 $2 {too greedy.} 43. Qe8+ (43. Qxf5 Qc6 $17) 43... Kh7 44. Qxd7 $18) 43. Bb5 {Dancing on a razor blade.} (43. Qxa5 Qxd7 (43... Rxd7 44. Kg2 $15) 44. Kg2 Qd2 $19) 43... Rxd7 44. Bxd7 Qxd7 {[%mdl 4096] Endgame. KQR-KQR} 45. Kg2 Qd2+ 46. Kh3 {[%cal Oe5c3]} Qe2 {( -> ...Qg4+)} 47. Rc1 {White wants to mate with Rc8+.} (47. Qxa5 $2 Rh7#) 47... Qg4+ 48. Kg2 {[%cal Oc1f1]} Qf3+ 49. Kh3 {Rc8+ would kill now.} Qg4+ 50. Kg2 {[%cal Oc1f1] Rf1! would now be deadly.} Qf3+ 51. Kh3 {White happily takes the draw.   Weighted Error Value: White=0.30/Black=0.36.  Loses game:     	White=1     	---        Missed win:     	---       	Black=1      Mistake:       	White=6     	Black=2      Inaccurate:     	White=1     	Black=4      OK:         	White=12    	Black=15     Best:        	White=6     	Black=3      Strong:       	White=1     	Black=2} 1/2-1/2

[Event "3rd Sunway Formentera-A TB 2024"]
[Site "Formentera"]
[Date "2024.04.19"]
[Round "1.2"]
[White "Ivanchuk, Vasyl"]
[Black "Pranav, V."]
[Result "1-0"]
[WhiteElo "2611"]
[BlackElo "2604"]
[Annotator "TA"]
[PlyCount "141"]
[EventDate "2024.04.03"]
[EventCountry "ESP"]
[SourceTitle "playchess.com"]
[Source "ChessBase"]
[SourceQuality "1"]

{[%evp 9,141,18,16,42,35,32,30,37,27,21,25,23,29,8,24,6,27,27,49,64,85,74,118,120,144,151,145,143,198,117,525,197,385,180,216,0,214,172,262,260,258,254,305,0,303,117,128,102,141,126,110,61,99,0,168,80,97,26,60,70,57,18,71,66,70,55,84,0,0,0,43,31,39,33,48,-15,167,175,168,-29,102,58,130,116,144,131,188,174,197,186,312,319,309,311,1274,833,690,0,467,410,470,390,395,378,422,272,580,634,723,698,589,329,460,456,484,481,416,276,706,591,1290,1131,29974,29976,6402,5938,29989,29990,29990,29991,29991,29974,29989,29989]} 1. e4 e5 2. Nf3 Nc6 3. Bb5 a6 4. Ba4 Nge7 5. O-O Ng6 6. d4 exd4 7. Nxd4 Bc5 8. Be3 {White has an edge.} Bxd4 9. Bxd4 Nxd4 10. Qxd4 O-O 11. Bb3 d6 12. Qe3 Re8 13. Nc3 c6 14. Rad1 Qf6 15. Qd4 Qg5 {...Nh4 is the strong threat.} (15... Qxd4 16. Rxd4 Rd8 17. Rfd1 $16) 16. Qxd6 Nf4 {[%csl Gf4][%cal Rg5g2]} 17. g3 Nh3+ 18. Kg2 Qh5 (18... Qa5 $16 {is a better defense.} 19. a3 Ng5) 19. f3 $40 {[%mdl 128] White goes for the king. Active counter play!} (19. f4 $1 $18 {[%cal Rf4f5] Hoping for f5.} Bg4 20. e5) 19... Qg5 {[%mdl 8192]} (19... Ng5 $16) 20. Qd2 $2 (20. f4 Qg4 21. Qe7) 20... Qf6 (20... Qg6 {was necessary.} 21. Qd6 Ng5) 21. Qd4 (21. e5 $142 Qg6 22. Ne4) 21... Qh6 22. Qd2 $2 (22. Qe5 $18 {[%cal Re5e8]} Kf8 23. Qc5+ Kg8 24. f4) 22... Qh5 $2 (22... Qf6 $1 $11) 23. Ne2 b5 (23... a5 $142 24. a4 Qe5) 24. g4 Qh4 25. Qe1 Qh6 26. Qd2 $2 {Dodges Nf4+} ({Only move:} 26. Qg3 $18) 26... Ng5 {[%mdl 8192]} (26... Qh4 $1 $11 {and Black has nothing to worry.}) 27. Ng1 $2 (27. h4 $18 {has better winning chances.} Qxh4 28. Rh1 Nxe4 29. Rxh4 Nxd2 30. Rxd2) 27... a5 $16 {And now ...a4 would win.} 28. a3 Qf6 {[%cal Oa5a4]} 29. Qd4 Qh6 30. Qf2 (30. Qe3 $16) 30... Qf6 31. Qd4 ({White should play} 31. e5 $16 Qe7 (31... Rxe5 $2 32. f4 $18) (31... Qxe5 $2 32. Rfe1 $18) 32. h4) 31... Qg6 {[#]} (31... Qh6 $11 {and Black is okay.}) 32. h3 (32. h4 $1 $18 {[%cal Rh4g5] and White stays clearly on top.} a4 (32... Nxe4 $2 33. Qxe4 Qxe4 34. fxe4 $18) 33. Ba2) 32... h5 33. Rde1 (33. Ne2 $16) 33... hxg4 34. hxg4 Be6 35. Qd2 a4 (35... Bxb3 $11 36. cxb3 Rad8) 36. Bxe6 Nxe6 37. Ne2 Qf6 38. c3 ({Better is} 38. Qc3 $16) 38... Rad8 $11 39. Qe3 Nf8 40. Rd1 Ng6 41. g5 Qe6 42. Rd4 (42. Rxd8 $14 Rxd8 43. Nf4 Nh4+ 44. Kf2) 42... Qb3 $2 (42... Nh4+ $11 43. Kf2 (43. Kg3 $2 Nf5+ 44. Kf2 Nxe3 $19) 43... Nf5) 43. Qd2 $18 Rxd4 44. cxd4 (44. Nxd4 $18 Qa2 45. Nxc6) 44... Rd8 (44... Nh4+ $11 {remains equal.} 45. Kg3 Rxe4) 45. Rf2 {White now steadily converts the win.} c5 ({Black should try} 45... Qe6 $14) 46. d5 $16 b4 {[#]} 47. axb4 $1 cxb4 (47... Qxb4 $16 48. Qxb4 cxb4) 48. Nd4 $18 Qc4 49. Nc6 Re8 (49... Rc8 $142) 50. Qxb4 (50. Nxb4 Qc5 51. Nc6 Qd6 $14) 50... Qc1 51. Qd2 ({Weaker is} 51. Qxa4 Qxg5+ 52. Kh2 Qh4+ 53. Kg1 Nf4 $17) 51... Qa1 (51... Qc5 52. Nd4 Kf8) 52. Rf1 Qa2 53. Rf2 $2 (53. Kg3 $18) 53... Qb3 $2 {[%mdl 8192]} (53... Qa1 $1 $11 {and Black stays safe.} 54. d6 a3) 54. Qc3 Qb7 55. Qe3 Qc7 56. f4 {[%cal Bf3f4,Bf4f5][%mdl 32]} Qd7 57. Kg3 {Repels Qg4+} Nf8 $2 (57... Qxd5 {is more resistant.} 58. exd5 Rxe3+ 59. Rf3 Re1) 58. f5 Qd6+ 59. Qf4 Qc5 60. Ne5 a3 61. bxa3 Qxa3+ 62. Nf3 {Black must now prevent Rh2.} Nd7 63. Re2 Nc5 $2 (63... Ne5 64. Kg2 Qa6) 64. e5 {Qh4 would now be deadly.} Qa6 65. Re3 Qa2 66. e6 fxe6 67. dxe6 {[%cal Bd5e6,Be6e7][%mdl 32] Intending Qc7 and mate.} Rf8 68. e7 {White mates.} Re8 69. f6 Qf7 70. fxg7 Qxg7 71. Qc4+ {Weighted Error Value: White=0.69/Black=0.76.  Loses game:     	---       	Black=5      Missed win:     	White=4     	---        Mistake:       	White=9     	Black=11     Inaccurate:     	White=5     	Black=8      OK:         	White=13    	Black=17     Best:        	White=7     	---        Strong:       	White=1     	---} 1-0

[Event "3rd Sunway Formentera-A TB 2024"]
[Site "Formentera"]
[Date "2024.04.19"]
[Round "1.2"]
[White "Moussard, Jules"]
[Black "Balakrishnan, Praveen"]
[Result "1-0"]
[WhiteElo "2610"]
[BlackElo "2500"]
[Annotator "TA"]
[PlyCount "55"]
[EventDate "2024.04.03"]
[EventCountry "ESP"]
[SourceTitle "playchess.com"]
[Source "ChessBase"]
[SourceQuality "1"]

{[%evp 18,55,47,34,39,31,45,30,44,28,41,36,45,38,56,44,72,20,4,12,31,30,28,31,26,0,72,56,76,-17,-12,-13,0,-8,106,100,709,704,893,777]} 1. e4 c5 2. Nf3 g6 3. c4 Nc6 4. d4 cxd4 5. Nxd4 Nf6 6. Nc3 d6 7. Be2 Nxd4 8. Qxd4 Bg7 9. Be3 O-O 10. Qd3 a5 {[%cal Ba7a5,Ba5a4][%mdl 32]} 11. O-O a4 12. Rac1 Qa5 {White has an edge.} 13. f4 Bg4 14. Bd4 Bxe2 15. Qxe2 Rac8 {[%cal Ba8c8,Bc8c6,Bc6e6][%mdl 32]} 16. Kh1 Rc6 17. e5 (17. f5 $16) 17... dxe5 $11 18. fxe5 Nd7 {[%cal Oc6e6]} 19. Nd5 Re6 {[%cal Rg7e5]} 20. Nf4 Rc6 {[%cal Rg7e5] Against b4} 21. Nd5 Qd8 (21... Re6 $11 {keeps the balance.}) 22. Rcd1 $16 {White has more active pieces.} e6 23. Nf6+ (23. Nc3 $16) 23... Bxf6 $1 $11 24. exf6 {[#]} e5 $1 25. Bc3 {[%cal Bd4c3,Bc3b4,Bb4c5][%mdl 32]} (25. Bxe5 $5 Qe8 $8 26. Rfe1 $11 (26. Rd5 Nxf6 27. Rd3 Rxc4 $17)) 25... Qe8 (25... Qc7 $1 $11 {remains equal.}) 26. Bb4 $16 {Black is weak on the dark squares} Nc5 $2 {[%mdl 8192]} (26... Nxf6 $16 27. Rd6 (27. Bxf8 Kxf8 28. c5 Qe7 $16) 27... Rxd6 28. Bxd6 Qe6 29. Bxf8 Kxf8) 27. Qe3 $18 b6 28. Bxc5 {Weighted Error Value: White=0.21 (precise) /Black=0.25 (precise) .  Loses game:     	---       	Black=1      Mistake:       	White=2     	Black=2      Inaccurate:     	White=1     	Black=1      OK:         	White=6     	Black=4      Best:        	White=1     	---        Strong:       	---       	Black=1} 1-0

[Event "3rd Sunway Formentera-A TB 2024"]
[Site "Formentera"]
[Date "2024.04.19"]
[Round "1.2"]
[White "Alsina Leal, Daniel"]
[Black "Mohamed Anees M"]
[Result "1-0"]
[WhiteElo "2497"]
[BlackElo "2253"]
[Annotator "TA"]
[PlyCount "155"]
[EventDate "2024.04.03"]
[EventCountry "ESP"]
[SourceTitle "playchess.com"]
[Source "ChessBase"]
[SourceQuality "1"]

{[%evp 17,155,22,24,24,51,36,52,29,46,36,61,35,35,1,48,-37,25,23,29,37,31,19,25,18,24,17,48,43,46,19,16,31,25,9,43,38,20,14,24,10,57,57,57,52,64,65,92,74,200,200,201,200,193,0,210,70,187,169,189,126,193,184,196,193,193,193,196,196,189,189,218,211,212,210,364,0,214,0,329,102,102,102,102,69,76,75,131,102,102,102,132,131,131,131,131,131,131,0,0,0,0,0,0,0,102,0,102,102,102,0,5,12,102,0,0,0,0,0,0,0,102,102,102,102,102,0,102,0,0,0,0,0,0,0,29965,29962,29977,29978,29977,29979]} 1. e4 c5 2. Nf3 Nc6 3. Bb5 e6 4. O-O Nge7 5. Re1 a6 6. Bxc6 Nxc6 7. d4 cxd4 8. Nxd4 Be7 9. Nxc6 dxc6 10. Qg4 Kf8 (10... O-O {looks sharper.} 11. Bh6 Qd4 12. Qg3 Qf6) 11. e5 c5 12. Nd2 {White is slightly better.} Bd7 13. Ne4 Bc6 14. Bg5 {White is more active.} Bxg5 15. Nxg5 h6 (15... Qd2 $1 $11) 16. Nh3 (16. Ne4 $14) 16... Qd4 (16... Qd2 $15) 17. Qxd4 $11 cxd4 18. Rad1 Rd8 19. Nf4 {[%cal Bh3f4,Bf4e2,Be2c3][%mdl 32]} Ke7 20. Ne2 d3 21. cxd3 Rd5 22. Nc3 Rd4 23. Kf1 Rhd8 24. Re3 b5 25. a3 a5 26. f3 b4 27. axb4 axb4 28. Ne4 Bxe4 (28... R8d5 $11) 29. Rxe4 $14 Rxd3 30. Rxd3 Rxd3 31. Rxb4 $11 {[%mdl 4096] Endgame. KR-KR} Rd2 32. h4 h5 (32... g5 $16) 33. Rb7+ $18 Ke8 34. Rb8+ Ke7 35. Rb7+ Ke8 36. Rb5 (36. b4 $18) 36... Ke7 (36... Kd7 $14) 37. Kg1 Re2 38. Kh2 (38. b4 $18) 38... f6 (38... Kd8 $16 {might work better.}) 39. Rb7+ Kf8 40. exf6 gxf6 41. Kg3 e5 42. b4 {[%cal Bb2b4,Bb4b5,Bb5b6][%mdl 32]} Rb2 43. b5 Kg8 44. b6 Kf8 45. Kh2 Ke8 $2 (45... Kg8 46. Kg1 f5) 46. Kg3 (46. Kh3 $142) 46... Kf8 $1 47. Kh2 (47. Kh3 $142) 47... Ke8 48. Rh7 $2 (48. Kh3 $18) 48... Rxb6 $16 49. Rxh5 Kf7 50. Rh8 Rb2 51. Kh3 Kg6 (51... f5 $142) 52. Rg8+ Kf7 53. Ra8 Kg6 54. g4 Rb3 {[#]} 55. Kg2 Rb2+ 56. Kg3 Rb3 57. Re8 (57. h5+ $16 Kf7 58. Ra7+ Kg8 59. g5 fxg5 60. Kg4) 57... Kf7 $11 58. Rc8 {Black must now prevent Rc7+.} e4 $1 59. Kf4 {Strongly threatening Rc7+.} exf3 60. Kg3 Kg6 (60... f2+ $11 61. Kxf2 Rb2+ 62. Kf3 Rb3+ 63. Ke2 Rb2+ 64. Kf3 Rb3+ 65. Kf2 Rb2+ 66. Kg3 Rb3+ 67. Kg2 Rb2+ 68. Kg3 Rb3+ 69. Kf2) 61. Rc5 (61. h5+ $16 Kh6 62. Rc7) 61... Ra3 (61... f2+ $1 $11 62. Kxf2 Rb2+ 63. Ke3 Rb3+ 64. Ke2 Rb2+ 65. Kd3 Rb3+ 66. Ke4 Rb4+ 67. Kf3 Rb3+ 68. Kf2 Rb2+ 69. Ke3 Rb3+ 70. Kf2) 62. Rf5 $16 Ra1 63. Rxf3 (63. Kf2 $16) 63... Rg1+ $11 64. Kf4 Rh1 (64... f5 $1 $11 {remains equal.}) 65. Kg3 (65. h5+ $16 Kf7 66. Rb3) 65... Rg1+ 66. Kh3 (66. Kf4 $11) 66... Rh1+ $16 67. Kg3 Rg1+ 68. Kf4 Rh1 69. h5+ Kg7 70. Kf5 Rg1 71. Rf4 Ra1 (71... Re1 $1 $11 {keeps the balance.} 72. Rd4 Rf1+ 73. Ke4 Rg1) 72. Rd4 ({White should try} 72. Rf2 $16) 72... Rf1+ $1 $11 73. Ke6 Kh6 74. Kf7 (74. Rd8 $5 Kg7 $8 75. Rd7+ Kg8 76. Rd4 $11) 74... Kg5 75. Kg7 {Intending h6 and mate.} f5 $2 {[%mdl 8192] [#]} (75... Ra1 $11) 76. gxf5 $1 {White mates.} Rxf5 77. h6 Ra5 78. Rd7 {Weighted Error Value: White=0.39/Black=0.21 (precise) .  Loses game:     	---       	Black=1      Missed win:     	White=1     	---        Mistake:       	White=11    	Black=12     Inaccurate:     	White=4     	Black=4      OK:         	White=19    	Black=20     Best:        	White=4     	Black=9      Strong:       	White=1     	Black=3} 1-0